[Event "Mar del Plata Lasker Memorial"]
[Site "Mar del Plata"]
[Date "2019.07.24"]
[Round "6"]
[White "Malbran, Guillermo"]
[Black "Chanduvi Loayza, Fidel Maximo"]
[Result "0-1"]
[WhiteElo "2216"]
[BlackElo "1919"]
[PlyCount "60"]
[EventDate "2019.07.22"]
[EventType "swiss"]
[EventRounds "7"]
[EventCountry "ARG"]
[SourceTitle "CBM 191 Extra"]
[Source "ChessBase"]
[SourceDate "2019.09.30"]
[SourceVersion "1"]
[SourceVersionDate "2019.09.30"]
[SourceQuality "1"]

1. e4 c5 2. b4 d6 3. b5 Nf6 4. d3 g6 5. Bb2 Bg7 6. Nf3 0-0 7. Be2 e5 8. 0-0 Nh5 9. Nc3 Be6 10. Nd5 Nd7 11. a4 f5 12. Bc1 Bxd5 13. exd5 h6 14. Rb1 Kh7 15. c4 Nf4 16. Bxf4 exf4 17. Qd2 g5 18. Kh1 g4 19. Ng1 Ne5 20. Qxf4 Ng6 21. Qd2 h5 22. a5 f4 23. f3 Qh4 24. Qe1 Qg5 25. Qd2 Rae8 26. b6 a6 27. Rbe1 Re3 28. Bd1 Rfe8 29. Bc2 Bd4 30. Ne2 Qe5 0-1

[Event "Caioba Telecom op"]
[Site "Caioba"]
[Date "2018.08.02"]
[Round "4"]
[White "Moyses Sobrinho, Elias"]
[Black "Malbran, Guillermo"]
[Result "0-1"]
[WhiteElo "1914"]
[BlackElo "2215"]
[PlyCount "134"]
[EventDate "2018.08.01"]
[EventType "swiss"]
[EventRounds "9"]
[EventCountry "BRA"]
[SourceTitle "CBM 186 Extra"]
[Source "ChessBase"]
[SourceDate "2018.08.24"]
[SourceVersion "1"]
[SourceVersionDate "2018.08.24"]
[SourceQuality "1"]

1. d4 Nf6 2. c4 g6 3. Nc3 d5 4. e3 Bg7 5. Nf3 0-0 6. cxd5 Nxd5 7. Bc4 Nxc3 8. bxc3 c5 9. 0-0 Nc6 10. Ba3 b6 11. Rc1 Qc7 12. dxc5 Na5 13. Bd5 Bb7 14. Bxb7 Nxb7 15. cxb6 axb6 16. Qb3 Na5 17. Qb4 Nc6 18. Qb3 Qa7 19. Bb2 Qxa2 20. Qxb6 Ra6 21. Qc5 Qxb2 22. Nd4 Qb6 23. Qc4 Nxd4 24. cxd4 Rd8 25. Rb1 Qc6 26. Qb4 e5 27. dxe5 Bxe5 28. Rfc1 Qd7 29. g3 Rb8 30. Qe4 Rxb1 31. Rxb1 Bf6 32. Rb7 Qc6 33. Qxc6 Rxc6 34. h4 h5 35. Kg2 Rc2 36. Kf3 Ra2 37. Rb1 Kg7 38. Rb5 Bc3 39. Rb1 Rc2 40. Rd1 Kf6 41. Rb1 Rb2 42. Rc1 Bb4 43. Rd1 Ke5 44. Rg1 Kf5 45. Rd1 Rd2 46. Rb1 Bc5 47. Rb5 Rc2 48. Rb1 f6 49. Rh1 Ke6 50. Ra1 g5 51. hxg5 fxg5 52. Rh1 g4+ 53. Ke4 Rxf2 54. Rxh5 Be7 55. Rh6+ Kf7 56. Rh5 Kg6 57. Re5 Bd6 58. Re6+ Rf6 59. Re8 Kf7 60. Ra8 Bxg3 61. Ra2 Bf2 62. Ra7+ Kg6 63. Ra8 Kg7 64. Ra7+ Rf7 65. Ra5 g3 66. Rg5+ Kh6 67. Rg4 Rg7 0-1

[Event "Caioba Telecom op"]
[Site "Caioba"]
[Date "2018.08.01"]
[Round "2"]
[White "Lahoz, Cassiano Ricardo Ne"]
[Black "Malbran, Guillermo"]
[Result "1/2-1/2"]
[WhiteElo "1757"]
[BlackElo "2215"]
[PlyCount "89"]
[EventDate "2018.08.01"]
[EventType "swiss"]
[EventRounds "9"]
[EventCountry "BRA"]
[SourceTitle "CBM 186 Extra"]
[Source "ChessBase"]
[SourceDate "2018.08.24"]
[SourceVersion "1"]
[SourceVersionDate "2018.08.24"]
[SourceQuality "1"]

1. e4 Nf6 2. e5 Nd5 3. Nf3 d6 4. d4 Bg4 5. Be2 c6 6. c4 Nb6 7. exd6 exd6 8. b3 Be7 9. Bb2 0-0 10. 0-0 Bf6 11. Qc2 Re8 12. Rd1 Qe7 13. Kf1 c5 14. dxc5 dxc5 15. Bxf6 Qxf6 16. Nc3 Nc6 17. Nd5 Nxd5 18. cxd5 Bxf3 19. Bxf3 Nd4 20. Qd3 Qf4 21. Kg1 Rad8 22. Re1 Nxf3+ 23. gxf3 Re5 24. Rxe5 Qxe5 25. Rd1 Qd6 26. Qe4 g6 27. f4 Qd7 28. Rd2 Re8 29. Qf3 Kf8 30. d6 Re6 31. Kg2 b6 32. Qd5 Re8 33. h3 Kg7 34. Rd3 Re6 35. f5 gxf5 36. Rg3+ Kf8 37. Qxf5 Qxd6 38. Qxh7 Qd5+ 39. Kh2 Qe5 40. Qg8+ Ke7 41. Qc8 Rf6 42. Qb7+ Kf8 43. Qc8+ Ke7 44. Qb7+ Kf8 45. Qc8+ 1/2-1/2

[Event "Brazil Foz do Iguacu op"]
[Site "Foz do Iguacu"]
[Date "2018.05.19"]
[Round "8"]
[White "Matsuura, Frederico"]
[Black "Malbran, Guillermo"]
[Result "0-1"]
[WhiteElo "2245"]
[BlackElo "2214"]
[PlyCount "100"]
[EventDate "2018.05.16"]
[EventType "swiss"]
[EventRounds "9"]
[EventCountry "BRA"]
[SourceTitle "EXT 2019"]
[Source "ChessBase"]
[SourceDate "2018.10.10"]
[SourceVersion "1"]
[SourceVersionDate "2018.10.10"]
[SourceQuality "1"]

1. d4 Nf6 2. Nf3 c5 3. c3 e6 4. Bg5 Qb6 5. Qb3 d5 6. Nbd2 Nc6 7. e3 Bd7 8. Ne5 Nxe5 9. dxe5 Ne4 10. Nxe4 dxe4 11. 0-0-0 Qxb3 12. axb3 h6 13. Bh4 Bc6 14. Be2 Be7 15. Bxe7 Kxe7 16. Rd2 Rhd8 17. Rhd1 a5 18. Kc2 Rxd2+ 19. Rxd2 f6 20. exf6+ gxf6 21. Rd1 Rg8 22. g3 Rd8 23. Rxd8 Kxd8 24. b4 axb4 25. cxb4 b6 26. Kc3 Kc7 27. Kc4 Kd6 28. bxc5+ bxc5 29. Bd1 Be8 30. Bc2 Bc6 31. h4 f5 32. Bd1 Bd5+ 33. Kb5 Bc6+ 34. Kb6 Be8 35. g4 fxg4 36. Bxg4 e5 37. Kb7 Bb5 38. Bf5 Bd3 39. Bh7 Kd5 40. Bg8+ Kd6 41. b3 Bb5 42. Kc8 Bc6 43. Bf7 Bd7+ 44. Kb7 Bg4 45. Bg6 Be6 46. Bxe4 Bxb3 47. Bg6 c4 48. Bf7 Kc5 49. f4 Bd1 50. fxe5 c3 0-1

[Event "Brazil Foz do Iguacu op"]
[Site "Foz do Iguacu"]
[Date "2018.05.18"]
[Round "5"]
[White "Malbran, Guillermo"]
[Black "Deus Filho, Joaquim"]
[Result "1/2-1/2"]
[WhiteElo "2214"]
[BlackElo "1925"]
[PlyCount "55"]
[EventDate "2018.05.16"]
[EventType "swiss"]
[EventRounds "9"]
[EventCountry "BRA"]
[SourceTitle "CBM 184 Extra"]
[Source "ChessBase"]
[SourceDate "2018.06.28"]
[SourceVersion "1"]
[SourceVersionDate "2018.06.28"]
[SourceQuality "1"]

1. Nf3 f5 2. e4 e5 3. d4 fxe4 4. Nxe5 Nf6 5. Be2 d6 6. Nc4 Be7 7. 0-0 0-0 8. f3 c6 9. fxe4 Nxe4 10. Nc3 Rxf1+ 11. Qxf1 Nxc3 12. bxc3 Nd7 13. Bd3 Nf6 14. Bd2 Bg4 15. Re1 Nd5 16. h3 Bd7 17. Qf3 Qf8 18. Qxf8+ Bxf8 19. Be4 Nf6 20. Bd3 Re8 21. Rxe8 Nxe8 22. Kf2 g6 23. Bf4 Kf7 24. Ne3 Bg7 25. Nc4 Bf8 26. Ne3 Bg7 27. Nc4 Bf8 28. Ne3 1/2-1/2

[Event "Brazil AXPG op 1st"]
[Site "Ponta Grossa"]
[Date "2017.10.29"]
[Round "7"]
[White "Deus Filho, Joaquim"]
[Black "Malbran, Guillermo"]
[Result "1-0"]
[WhiteElo "1966"]
[BlackElo "2232"]
[PlyCount "93"]
[EventDate "2017.10.26"]
[EventType "swiss"]
[EventRounds "7"]
[EventCountry "BRA"]
[SourceTitle "CBM 181 Extra"]
[Source "ChessBase"]
[SourceDate "2017.12.12"]
[SourceVersion "1"]
[SourceVersionDate "2017.12.12"]
[SourceQuality "1"]

1. e4 Nf6 2. e5 Nd5 3. Bc4 e6 4. Nf3 d6 5. exd6 Bxd6 6. d4 0-0 7. 0-0 b6 8. Nbd2 Bb7 9. g3 Nd7 10. Ne4 N5f6 11. Nxf6+ Qxf6 12. Be2 Rfe8 13. Ne1 Rad8 14. f4 c5 15. c3 cxd4 16. cxd4 Qe7 17. Bf3 Nf6 18. Be3 Nd5 19. Bf2 Ba6 20. Be2 Bxe2 21. Qxe2 Rc8 22. Nd3 Qb7 23. a3 g6 24. Rfe1 h5 25. h4 Red8 26. Red1 Rc6 27. Rd2 Nf6 28. Rad1 Rc7 29. Ne1 Ne4 30. Qb5 Qd5 31. Qxd5 exd5 32. Nd3 Rdc8 33. Kf1 Nf6 34. Re2 Rc2 35. Rdd2 Rxd2 36. Rxd2 Kg7 37. Re2 Bf8 38. Be1 Nd7 39. Kf2 Rc4 40. Ne5 Rxd4 41. Nc6 Ra4 42. Rc2 b5 43. Ke2 a5 44. Bxa5 Re4+ 45. Kf2 b4 46. axb4 Bxb4 47. Nxb4 1-0

[Event "Brazil AXPG op 1st"]
[Site "Ponta Grossa"]
[Date "2017.10.29"]
[Round "6"]
[White "Malbran, Guillermo"]
[Black "Calcado, Acyr Rogerio"]
[Result "1/2-1/2"]
[WhiteElo "2232"]
[BlackElo "2129"]
[PlyCount "60"]
[EventDate "2017.10.26"]
[EventType "swiss"]
[EventRounds "7"]
[EventCountry "BRA"]
[SourceTitle "CBM 181 Extra"]
[Source "ChessBase"]
[SourceDate "2017.12.12"]
[SourceVersion "1"]
[SourceVersionDate "2017.12.12"]
[SourceQuality "1"]

1. e4 e5 2. Nf3 Nc6 3. Bb5 Nf6 4. Nc3 Bb4 5. 0-0 0-0 6. d3 Bxc3 7. bxc3 d6 8. Bg5 Ne7 9. Bc4 Ng6 10. Nh4 Nxh4 11. Bxh4 h6 12. Qc1 g5 13. Bxg5 hxg5 14. Qxg5+ Kh8 15. f4 Nh7 16. Qxd8 Rxd8 17. fxe5 Be6 18. Bxe6 fxe6 19. Rf7 dxe5 20. c4 Rac8 21. Rb1 b6 22. Rb5 Rf8 23. Re7 Rf6 24. Rxe5 Rcf8 25. h3 Rf1+ 26. Kh2 R1f2 27. Kg1 Rf1+ 28. Kh2 R1f2 29. Kg1 Rf1+ 30. Kh2 R1f2 1/2-1/2

[Event "Brazil AXPG op 1st"]
[Site "Ponta Grossa"]
[Date "2017.10.28"]
[Round "5"]
[White "Jorge, Denrick Cabral Jose"]
[Black "Malbran, Guillermo"]
[Result "0-1"]
[WhiteElo "1898"]
[BlackElo "2232"]
[PlyCount "128"]
[EventDate "2017.10.26"]
[EventType "swiss"]
[EventRounds "7"]
[EventCountry "BRA"]
[SourceTitle "CBM 181 Extra"]
[Source "ChessBase"]
[SourceDate "2017.12.12"]
[SourceVersion "1"]
[SourceVersionDate "2017.12.12"]
[SourceQuality "1"]

1. e4 Nf6 2. e5 Nd5 3. c4 Nb6 4. d4 d6 5. exd6 exd6 6. Nf3 Bg4 7. h3 Bh5 8. Bd3 Be7 9. Be3 0-0 10. Qc2 Bg6 11. Nbd2 Nc6 12. a3 Bf6 13. Ne4 d5 14. Nxf6+ Qxf6 15. b3 dxc4 16. bxc4 Na5 17. c5 Nd5 18. 0-0 Nc6 19. Bxg6 Qxg6 20. Qb3 Rfd8 21. Qb1 b6 22. Rc1 Nce7 23. cxb6 Qxb1 24. Raxb1 axb6 25. Rb3 f6 26. Ne1 Ra4 27. Nc2 Rc4 28. Bd2 Nf5 29. g4 Nxd4 30. Nxd4 Rxd4 31. Be3 Nxe3 32. Rxe3 Rd1+ 33. Rxd1 Rxd1+ 34. Kg2 Kf7 35. Rc3 Rd7 36. f4 Ke6 37. Kf3 Kd5 38. h4 Re7 39. f5 h6 40. g5 h5 41. Rd3+ Ke5 42. Re3+ Kd6 43. Rd3+ Kc6 44. Kf4 Rd7 45. Re3 Rd4+ 46. Kf3 Rxh4 47. Re6+ Kd7 48. gxf6 gxf6 49. Rxf6 Ra4 50. Rh6 h4 51. Rh7+ Kd6 52. f6 h3 53. Kg3 Rxa3+ 54. Kh2 Rf3 55. f7 b5 56. Rh6+ Ke7 57. Rc6 Kd7 58. Rh6 Rxf7 59. Kxh3 b4 60. Kg3 b3 61. Rh4 c5 62. Rc4 b2 63. Rc2 b1Q 64. Rd2+ Ke6 0-1

[Event "Brazil AXPG op 1st"]
[Site "Ponta Grossa"]
[Date "2017.10.27"]
[Round "3"]
[White "Piccoli, Lucas Fonseca"]
[Black "Malbran, Guillermo"]
[Result "1/2-1/2"]
[WhiteElo "1793"]
[BlackElo "2232"]
[PlyCount "82"]
[EventDate "2017.10.26"]
[EventType "swiss"]
[EventRounds "7"]
[EventCountry "BRA"]
[SourceTitle "CBM 181 Extra"]
[Source "ChessBase"]
[SourceDate "2017.12.12"]
[SourceVersion "1"]
[SourceVersionDate "2017.12.12"]
[SourceQuality "1"]

1. c4 e5 2. Nc3 Nf6 3. Nf3 Nc6 4. g3 Bb4 5. Bg2 0-0 6. 0-0 e4 7. Ng5 Bxc3 8. bxc3 Qe7 9. d4 h6 10. Nh3 b6 11. Qa4 Na5 12. Ba3 d6 13. c5 Bd7 14. cxd6 cxd6 15. Qb4 Rfd8 16. c4 Nc6 17. Qc3 Bf5 18. Rac1 Rac8 19. Nf4 Qd7 20. Nd5 Nxd5 21. cxd5 Ne7 22. Qb3 Qb7 23. Rxc8 Qxc8 24. f3 exf3 25. Bxf3 Bg4 26. e4 Ng6 27. Rc1 Qd7 28. Rc6 Bxf3 29. Qxf3 Rc8 30. Rxc8+ Qxc8 31. Bxd6 Qc1+ 32. Kg2 Qc2+ 33. Kh3 Qxa2 34. e5 Qc4 35. Qe4 Qf1+ 36. Kg4 Qd1+ 37. Kh3 Qf1+ 38. Kg4 Qd1+ 39. Kh3 Qf1+ 40. Kg4 Qd1+ 41. Kh3 Qf1+ 1/2-1/2

[Event "Caioba Telecom op"]
[Site "Caioba"]
[Date "2017.09.28"]
[Round "1"]
[White "Malbran, Guillermo"]
[Black "Friedrich, Carlos Ernesto Gall"]
[Result "1-0"]
[WhiteElo "2232"]
[BlackElo "1656"]
[PlyCount "85"]
[EventDate "2017.09.28"]
[EventType "swiss"]
[EventRounds "8"]
[EventCountry "BRA"]
[SourceTitle "EXT 2018"]
[Source "ChessBase"]
[SourceDate "2017.10.13"]
[SourceVersion "1"]
[SourceVersionDate "2017.10.13"]
[SourceQuality "1"]

1. e4 e5 2. Nf3 Nc6 3. Bb5 a6 4. Bxc6 dxc6 5. 0-0 Bg4 6. h3 Bxf3 7. Qxf3 Nf6 8. d3 Be7 9. Nd2 0-0 10. Nc4 Nd7 11. Qg4 Kh8 12. f4 exf4 13. Bxf4 Nf6 14. Qf3 Bd6 15. Be3 Qe7 16. Bg5 Bc5+ 17. Kh1 Qe6 18. Bxf6 Qxf6 19. Qxf6 gxf6 20. Rxf6 Bd4 21. Rf5 Rae8 22. Raf1 Kg8 23. c3 Bg7 24. Na5 h6 25. Nc4 b6 26. R5f3 c5 27. Ne3 c6 28. Nf5 Re6 29. Rg3 Rg6 30. Ne7+ Kh7 31. Nxg6 fxg6 32. Rxf8 Bxf8 33. Rf3 Kg7 34. e5 Be7 35. Kg1 b5 36. c4 b4 37. b3 h5 38. Kf2 h4 39. Ke3 a5 40. Ke4 Bg5 41. Rf1 Be7 42. e6 Bf6 43. Rf3 1-0

[Event "Caioba Telecom op"]
[Site "Caioba"]
[Date "2017.09.28"]
[Round "2"]
[White "Zimmermann, Kleber Renato P"]
[Black "Malbran, Guillermo"]
[Result "0-1"]
[WhiteElo "1963"]
[BlackElo "2232"]
[PlyCount "66"]
[EventDate "2017.09.28"]
[EventType "swiss"]
[EventRounds "8"]
[EventCountry "BRA"]
[SourceTitle "EXT 2018"]
[Source "ChessBase"]
[SourceDate "2017.10.13"]
[SourceVersion "1"]
[SourceVersionDate "2017.10.13"]
[SourceQuality "1"]

1. d4 Nf6 2. c4 c5 3. d5 b5 4. cxb5 a6 5. bxa6 g6 6. Nc3 Bg7 7. e4 0-0 8. Nf3 d6 9. Be2 Qa5 10. 0-0 Bxa6 11. Re1 Nbd7 12. h3 Rfb8 13. Bxa6 Qxa6 14. a4 Ne8 15. Qc2 Qb7 16. Ra3 Nc7 17. Nd2 Qa6 18. g4 Ne5 19. Nd1 Rb4 20. f4 Nc4 21. Nxc4 Rxc4 22. Nc3 Bxc3 23. bxc3 Rxa4 24. Rxa4 Qxa4 25. Qxa4 Rxa4 26. f5 Kg7 27. fxg6 Kxg6 28. Kf2 Nb5 29. Bd2 Ra2 30. Ke3 Na3 31. Re2 Nc4+ 32. Kd3 Ne5+ 33. Ke3 h5 0-1

[Event "ARG-ch Seniors 50"]
[Site "Termas de Rio Hondo"]
[Date "2017.04.21"]
[Round "4"]
[White "Villafane, Jorge Segundo"]
[Black "Malbran, Guillermo"]
[Result "0-1"]
[WhiteElo "1761"]
[BlackElo "2231"]
[PlyCount "186"]
[EventDate "2017.04.19"]
[EventType "swiss"]
[EventRounds "7"]
[EventCountry "ARG"]
[SourceTitle "EXT 2024"]
[Source "ChessBase"]
[SourceDate "2023.10.10"]
[SourceVersion "1"]
[SourceVersionDate "2023.10.10"]
[SourceQuality "1"]

1. d4 Nf6 2. Nf3 g6 3. g3 Bg7 4. Bg2 0-0 5. 0-0 d6 6. Re1 c6 7. c3 Qa5 8. e4 e5 9. dxe5 dxe5 10. Qc2 Bg4 11. b3 Bxf3 12. Bxf3 Nbd7 13. Bb2 Rfd8 14. Nd2 Qc7 15. Rad1 Bf8 16. Nf1 Nc5 17. Bc1 Ne6 18. Ne3 h5 19. Rxd8 Rxd8 20. Rd1 Rxd1+ 21. Nxd1 Qd7 22. Ne3 b5 23. b4 Bh6 24. Nd5 Bg7 25. Nxf6+ Bxf6 26. h4 Bd8 27. Be3 Bb6 28. Bc1 c5 29. a3 a5 30. Be3 Qa7 31. Kg2 axb4 32. axb4 cxb4 33. Bxb6 Qxb6 34. cxb4 Qd4 35. Qb3 Qc4 36. Qxc4 bxc4 37. b5 Kf8 38. b6 Nc5 39. Kf1 Ke7 40. Be2 c3 41. Ke1 Nxe4 42. Bd3 Nc5 43. Bc4 f6 44. Kd1 g5 45. Bd5 Kd6 46. b7 Kc7 47. Kc2 Nxb7 48. Bf7 gxh4 49. gxh4 Nd6 50. Bxh5 Nf5 51. Kxc3 Kd6 52. Kd3 Nxh4 53. Bg4 f5 54. Bh3 Kd5 55. Ke3 f4+ 56. Ke2 e4 57. Bc8 Kd4 58. Bb7 f3+ 59. Kf1 Ng2 60. Bc6 Ke5 61. Bb7 Kf4 62. Bc6 Nh4 63. Bb7 Nf5 64. Ba8 Nd4 65. Bb7 Nf5 66. Ba8 Nd4 67. Bb7 Ne2 68. Ba8 Ke5 69. Bb7 Kd4 70. Ba6 Nc1 71. Bb7 Nb3 72. Ke1 Nc5 73. Ba8 Nd3+ 74. Kf1 Nb4 75. Bb7 Nc2 76. Ba8 Kd3 77. Bb7 Na3 78. Bc6 Nc4 79. Ba8 Kd4 80. Bb7 Ke5 81. Ba8 Kf4 82. Bb7 Ne5 83. Ba8 Ng4 84. Bc6 Ke5 85. Bb7 Kd4 86. Kg1 Kd3 87. Ba6+ Kd2 88. Bb7 Nxf2 89. Bc6 Ke3 90. Kf1 Nh1 91. Kg1 Ng3 92. Bb5 f2+ 93. Kg2 f1Q+ 0-1

[Event "Villa Martelli ProAm op 23rd"]
[Site "Villa Martelli"]
[Date "2016.11.26"]
[Round "8"]
[White "Fiori, Hector Dionisio"]
[Black "Malbran, Guillermo"]
[Result "1-0"]
[WhiteElo "2118"]
[BlackElo "2252"]
[PlyCount "39"]
[EventDate "2016.11.20"]
[EventType "swiss"]
[EventRounds "9"]
[EventCountry "ARG"]
[SourceTitle "CBM 175 Extra"]
[Source "ChessBase"]
[SourceDate "2016.12.12"]
[SourceVersion "1"]
[SourceVersionDate "2016.12.12"]
[SourceQuality "1"]

1. e4 Nf6 2. e5 Nd5 3. c4 Nb6 4. c5 Nd5 5. Nc3 c6 6. Bc4 d6 7. Qb3 Nd7 8. Nxd5 Nxc5 9. Nc7+ Kd7 10. Qc3 Kxc7 11. d4 d5 12. dxc5 dxc4 13. Be3 Be6 14. Rd1 Bd5 15. e6 f6 16. Ne2 g6 17. 0-0 Bg7 18. Nf4 b5 19. Nxd5+ cxd5 20. Qa5+ 1-0

[Event "Villa Martelli ProAm op 23rd"]
[Site "Villa Martelli"]
[Date "2016.11.22"]
[Round "4"]
[White "Rothebarth, Ana Vitoria de Paul"]
[Black "Malbran, Guillermo"]
[Result "0-1"]
[WhiteElo "2043"]
[BlackElo "2252"]
[PlyCount "78"]
[EventDate "2016.11.20"]
[EventType "swiss"]
[EventRounds "9"]
[EventCountry "ARG"]
[SourceTitle "CBM 175 Extra"]
[Source "ChessBase"]
[SourceDate "2016.12.12"]
[SourceVersion "1"]
[SourceVersionDate "2016.12.12"]
[SourceQuality "1"]

1. e4 Nf6 2. e5 Nd5 3. c4 Nb6 4. d4 d6 5. f4 dxe5 6. fxe5 g6 7. Nc3 Bg7 8. Be3 0-0 9. Qd2 c5 10. d5 N8d7 11. Nf3 Nxe5 12. Nxe5 Bxe5 13. 0-0-0 Bf5 14. Be2 Qd7 15. h3 Na4 16. Rde1 Nxc3 17. bxc3 Qa4 18. Bh6 Qa5 19. Bg4 Bxc3 20. Qe2 Bxg4 21. hxg4 Bxe1 22. Bxf8 Qc3+ 23. Kb1 Bg3 24. Bh6 Be5 25. Rh3 Qa1+ 26. Kc2 Qxa2+ 27. Kd3 Qxe2+ 28. Kxe2 f6 29. Bc1 b6 30. Kd3 a6 31. Ba3 Bd6 32. Re3 b5 33. Re6 bxc4+ 34. Kxc4 Rb8 35. Re2 Rb5 36. Ra2 Ra5 37. Ra1 Ra4+ 38. Kb3 Rxg4 39. Bc1 c4+ 0-1

[Event "Villa Martelli ProAm op 23rd"]
[Site "Villa Martelli"]
[Date "2016.11.20"]
[Round "2"]
[White "Pichot, Alan"]
[Black "Malbran, Guillermo"]
[Result "1-0"]
[WhiteElo "2543"]
[BlackElo "2252"]
[PlyCount "115"]
[EventDate "2016.11.20"]
[EventType "swiss"]
[EventRounds "9"]
[EventCountry "ARG"]
[SourceTitle "CBM 175 Extra"]
[Source "ChessBase"]
[SourceDate "2016.12.12"]
[SourceVersion "1"]
[SourceVersionDate "2016.12.12"]
[SourceQuality "1"]

1. e4 Nf6 2. e5 Nd5 3. d4 d6 4. c4 Nb6 5. exd6 exd6 6. Nc3 Be7 7. Bd3 Nc6 8. Nge2 Bg4 9. f3 Bh5 10. 0-0 Bg6 11. b3 Bxd3 12. Qxd3 0-0 13. Be3 Re8 14. d5 Ne5 15. Qd2 Bf6 16. Bf2 Bh4 17. Ng3 a6 18. Rae1 Nbd7 19. Re4 Bxg3 20. Bxg3 Nf6 21. Re3 Ng6 22. Rfe1 Qd7 23. Qd4 Rxe3 24. Rxe3 b6 25. Qd3 h5 26. h4 Re8 27. Nd1 Re7 28. Rxe7 Qxe7 29. c5 dxc5 30. Qxa6 Qd8 31. Ne3 Ne7 32. d6 cxd6 33. Nc4 Nf5 34. Bf2 Nd7 35. Qb7 g6 36. a4 Kf8 37. g3 Ke7 38. b4 Qb8 39. Qe4+ Kf8 40. Qc6 Ke7 41. b5 Qa7 42. g4 hxg4 43. fxg4 Qxa4 44. Qxd7+ Kxd7 45. Nxb6+ Kc7 46. Nxa4 Nh6 47. g5 Nf5 48. Kg2 Kb7 49. Kf3 Kc7 50. Ke4 Ne7 51. Nc3 Nc8 52. Nd5+ Kb7 53. Bg3 Ka7 54. Nc7 Kb6 55. Ne8 Kxb5 56. Nxd6+ Nxd6+ 57. Bxd6 c4 58. Ke5 1-0

[Event "Buenos Aires ITT del Futuro 1er"]
[Site "Buenos Aires"]
[Date "2016.08.28"]
[Round "8.1"]
[White "Malbran, Guillermo"]
[Black "Mayorga, Nicolas"]
[Result "1/2-1/2"]
[WhiteElo "2228"]
[BlackElo "2319"]
[PlyCount "32"]
[EventDate "2016.08.25"]
[EventType "tourn"]
[EventRounds "9"]
[EventCountry "ARG"]
[SourceTitle "EXT 2024"]
[Source "ChessBase"]
[SourceDate "2023.10.10"]
[SourceVersion "1"]
[SourceVersionDate "2023.10.10"]
[SourceQuality "1"]

1. e4 e5 2. Nf3 Nc6 3. Nc3 Nf6 4. Bb5 Bb4 5. 0-0 0-0 6. d3 d6 7. Bxc6 bxc6 8. a3 Bxc3 9. bxc3 h6 10. h3 Be6 11. c4 c5 12. Nh2 Nd7 13. f4 f5 14. fxe5 Nxe5 15. exf5 Rxf5 16. Rxf5 Bxf5 1/2-1/2

[Event "Buenos Aires ITT del Futuro 1er"]
[Site "Buenos Aires"]
[Date "2016.08.26"]
[Round "5.1"]
[White "Converset, Juan Jose"]
[Black "Malbran, Guillermo"]
[Result "1-0"]
[WhiteElo "2243"]
[BlackElo "2228"]
[PlyCount "129"]
[EventDate "2016.08.25"]
[EventType "tourn"]
[EventRounds "9"]
[EventCountry "ARG"]
[SourceTitle "EXT 2024"]
[Source "ChessBase"]
[SourceDate "2023.10.10"]
[SourceVersion "1"]
[SourceVersionDate "2023.10.10"]
[SourceQuality "1"]

1. d4 Nf6 2. c4 c5 3. d5 b5 4. cxb5 a6 5. f3 axb5 6. e4 Qa5+ 7. Bd2 b4 8. Na3 d6 9. Nc4 Qd8 10. a3 e6 11. dxe6 Bxe6 12. axb4 Rxa1 13. Qxa1 d5 14. exd5 Nxd5 15. b5 Be7 16. Qa5 0-0 17. Qxd8 Bxd8 18. Nh3 Bc7 19. Ng5 Nd7 20. Bd3 Rb8 21. Bxh7+ Kf8 22. Nxe6+ fxe6 23. Bd3 Nb4 24. Ke2 Nxd3 25. Kxd3 Rxb5 26. Bc3 Rb8 27. h4 Kf7 28. h5 Nf6 29. g4 Nd5 30. Ne5+ Bxe5 31. Bxe5 Rb3+ 32. Bc3 Nxc3 33. bxc3 Ra3 34. Kc4 Kf6 35. h6 gxh6 36. Rxh6+ Ke5 37. Rh8 Kd6 38. g5 Ra7 39. Rd8+ Ke7 40. Rd1 Ra4+ 41. Kxc5 Ra5+ 42. Kb6 Rxg5 43. c4 Rg3 44. Rd3 e5 45. c5 e4 46. Re3 Rxf3 47. Rxe4+ Kd8 48. Rh4 Rb3+ 49. Kc6 Rc3 50. Rh8+ Ke7 51. Kb6 Kd7 52. Rh7+ Kc8 53. Kc6 Kd8 54. Rh8+ Ke7 55. Rb8 Rc1 56. Rb4 Kd8 57. Rb8+ Ke7 58. Rc8 Rc2 59. Kb7 Rb2+ 60. Kc7 Rc2 61. c6 Rb2 62. Rb8 Rc2 63. Rb3 Re2 64. Kb8 Rc2 65. c7 1-0

[Event "Buenos Aires ITT del Futuro 1er"]
[Site "Buenos Aires"]
[Date "2016.08.25"]
[Round "4.1"]
[White "Malbran, Guillermo"]
[Black "Alarcon, Gualberto"]
[Result "1/2-1/2"]
[WhiteElo "2228"]
[BlackElo "2186"]
[PlyCount "56"]
[EventDate "2016.08.25"]
[EventType "tourn"]
[EventRounds "9"]
[EventCountry "ARG"]
[SourceTitle "EXT 2024"]
[Source "ChessBase"]
[SourceDate "2023.10.10"]
[SourceVersion "1"]
[SourceVersionDate "2023.10.10"]
[SourceQuality "1"]

1. e4 c5 2. Nf3 e6 3. b3 Nc6 4. Bb2 d6 5. d4 cxd4 6. Nxd4 a6 7. Nxc6 bxc6 8. c4 e5 9. Nc3 Nf6 10. Bd3 Be7 11. 0-0 0-0 12. Qe2 Be6 13. Rad1 Qa5 14. Qd2 Qc7 15. Rc1 Rad8 16. Nd5 Qa7 17. Qe3 c5 18. Bc3 Nxd5 19. exd5 Bc8 20. b4 f5 21. f3 Bg5 22. Qxg5 cxb4+ 23. Kh1 bxc3 24. Rxc3 Qd4 25. Qc1 e4 26. Be2 Rde8 27. Qe3 Qxe3 28. Rxe3 exf3 1/2-1/2

[Event "ARG-chT"]
[Site "Villa Martelli"]
[Date "2015.09.26"]
[Round "5.6"]
[White "Sica, Mauro"]
[Black "Malbran, Guillermo"]
[Result "0-1"]
[WhiteElo "2058"]
[BlackElo "2217"]
[PlyCount "68"]
[EventDate "2015.08.29"]
[EventType "team-swiss"]
[EventRounds "9"]
[EventCountry "ARG"]
[SourceTitle "EXT 2017"]
[Source "ChessBase"]
[SourceDate "2016.10.25"]
[SourceVersion "1"]
[SourceVersionDate "2016.10.25"]
[SourceQuality "1"]
[WhiteTeam "Ventajedrez Plastigal"]
[BlackTeam "Vte Lopez University"]
[WhiteTeamCountry "ARG"]
[BlackTeamCountry "ARG"]

1. d4 Nf6 2. c4 c5 3. d5 b5 4. cxb5 a6 5. bxa6 g6 6. Nc3 Bxa6 7. g3 d6 8. Bg2 Nbd7 9. Nf3 Bg7 10. Rb1 Nb6 11. b3 Bc8 12. Nh4 h6 13. Qc2 Qd7 14. Bb2 g5 15. Nf3 Qf5 16. e4 Qg6 17. Rc1 Ba6 18. Bf1 Bxf1 19. Kxf1 0-0 20. Nd2 Nfd7 21. Kg2 f5 22. Rhe1 Ne5 23. Na4 Nxa4 24. Bxe5 Bxe5 25. bxa4 fxe4 26. Nxe4 Bd4 27. Re2 Qf5 28. Kg1 Qxd5 29. Qb3 Qf7 30. Qxf7+ Kxf7 31. Rb1 Rfb8 32. Rb5 Rxb5 33. axb5 d5 34. Nd2 Rxa2 0-1

[Event "ARG-chT"]
[Site "Villa Martelli"]
[Date "2015.09.19"]
[Round "4.3"]
[White "Mareco, Sandro"]
[Black "Malbran, Guillermo"]
[Result "1-0"]
[WhiteElo "2599"]
[BlackElo "2217"]
[PlyCount "65"]
[EventDate "2015.08.29"]
[EventType "team-swiss"]
[EventRounds "9"]
[EventCountry "ARG"]
[SourceTitle "EXT 2017"]
[Source "ChessBase"]
[SourceDate "2016.10.25"]
[SourceVersion "1"]
[SourceVersionDate "2016.10.25"]
[SourceQuality "1"]
[WhiteTeam "Ajedrez Plus"]
[BlackTeam "Vte Lopez University"]
[WhiteTeamCountry "ARG"]
[BlackTeamCountry "ARG"]

1. Nf3 Nf6 2. c4 g6 3. Nc3 d5 4. cxd5 Nxd5 5. e4 Nxc3 6. bxc3 Bg7 7. d4 0-0 8. Be2 c5 9. 0-0 cxd4 10. cxd4 Nc6 11. Be3 Bg4 12. d5 Na5 13. Rc1 b6 14. Ba6 Bc8 15. Bb5 e6 16. Bf4 Bd7 17. Bxd7 Qxd7 18. Rc7 Qe8 19. Bd6 Qd8 20. e5 Re8 21. Nd4 exd5 22. Qf3 Rf8 23. Qxd5 Rc8 24. Rxc8 Qxc8 25. Bxf8 Bxf8 26. e6 fxe6 27. Nxe6 Qc4 28. Qd7 Qc6 29. Nxf8 Kxf8 30. Qxh7 Nb7 31. h4 Nd8 32. Qh8+ Ke7 33. Qg7+ 1-0